LEADER 01374nam a2200277 i 4500 001 000000166601 003 CaOOAMICUS 005 20071113000000.0 008 071113s1932 it u000 u ita u 013 $a143970 040 $aSeMil$bita 100 1 $aGiannini, Amedeo,$d<1886-1960>.$0(OLS)http://semarc/name/9366 245 10$aSaggi di diritto aeronautico /$cAmedeo Giannini. 260 $aMilano :$bVita e Pensiero,$c1932. 300 $aVIII, 362 p. ;$c26 cm. 490 0 $aPubblicazioni della Università Cattolica del Sacro Cuore ;$v. 490 0 $aPubblicazioni della Università Cattolica del Sacro Cuore. Ser. 2., Scienze giuridiche ;$vVol.36. 650 4$aDiritto aeronautico.$0(OLS)http://semarc/subject/31693 650 4$aNavigazione aerea - Convenzioni internazionali.$0(OLS)http://semarc/subject/31694 830 0$aPubblicazioni della Università Cattolica del Sacro Cuore ;$v.$0(OLS)http://semarc/title/22052 830 0$aPubblicazioni della Università Cattolica del Sacro Cuore. Ser. 2., Scienze giuridiche ;$vVol.36.$0(OLS)http://semarc/title/22053 850 $aSeMil 852 $aSeMil$W1$xVenegono$y1$m3L VI 74$j117764$B117764$CSeMilBibl$Z2$F128836 $81 961 $aRecupero: Altro 996 $6245$aSaggi di diritto aeronautico$9(OLS)http://semarc/title/238092 996 $6260$aMilano :$bVita e Pensiero$9(OLS)http://semarc/publisher/29642 LEADER 02334nas a2200289 i 4500 001 000000002477 003 CaOOAMICUS 005 20211124104553.0 008 180830c19459999sp fr p u0 0mul r 022 $a0210-9522 040 $aSeMil$bita 245 00$aMiscelánea Comillas /$cde colaboración cientifica de los antiguos y actuales profesores de la Universidad Pontificia de Comillas. 260 $aMadrid :$bUniversidad Pontificia Comillas,$c1945- 310 $aSemestrale 362 0 $a1945- 500 $aComplemento del titolo dal Vol. 66, Núm. 129 (Julio-Diciembre 2008) : Revista de Ciencias Humanas y Sociales : Revista semestral de investigación e información en Ciencias Sociales : Humanidades, Psicología, Educación, Sociología, Trabajo Social y Traducción e Interpretación. 510 4 $aCod. rivista ACNP:$cP 79376 710 2 $aUniversidad Pontificia Comillas .$0(OLS)http://semarc/name/2040 780 00$tMiscelánea de colaboración científica de los antiguos alumnos de la Universidad Pontificia de Comillas.$dComillas : Universidad Pontificia Comillas, 1944-1944.$x1885-8511$w()348630 850 $aSeMil 852 $aSeMil$W1$xVenegono$y1$pDal 2021 disponibile liberamente online$B227291$CSeMilBibl$Z2$F227291 $8I 852 $aSeMil$W1$xVenegono$y1$pCliccare per visualizzare collocazione e posseduto cumulativo (dal 1945 al 2020)

Cliccare per visualizzare eventuali spogli (alla eventuale voce ?Indici? in fondo di pagina)$B239729$CSeMilBibl$Z2$F239729 $85 961 $aCambio. Scuola Cattolica 996 $6022$a0210-9522$9(OLS)http://semarc/number/348 996 $6245$aMiscelánea Comillas$9(OLS)http://semarc/title/4180 996 $6260$aMadrid :$bUniversidad Pontificia Comillas$9(OLS)http://semarc/publisher/30754